| 000 | 00480nam a22001697a 4500 | ||
|---|---|---|---|
| 999 |
_c41292 _d41292 |
||
| 003 | OSt | ||
| 005 | 20210413125510.0 | ||
| 008 | 210413b ||||| |||| 00| 0 eng d | ||
| 020 | _a9788182718170 | ||
| 040 | _coclc | ||
| 082 |
_a297.63 _bZAK/M |
||
| 100 |
_92137 _aZakaria, Rafiq |
||
| 245 |
_aMuhammed nabi malayala kavithakalil/ _cRafeeq Zakariya |
||
| 260 |
_aKozhikode: _bIPH, |
||
| 300 | _a80 pages | ||
| 942 |
_2ddc _cBK _h297.63 _iZAK/M _k297.63 _mZAK/M |
||